00830 2200277 4500001002100000005001700021020002200038035002400060040001200084082001800096084002000114090002000134100002700154245014500181250001000326260003300336300004100369650003200410850001200442990001600454990001600470990001600486990001600502990001700518990001700535YOGYA00000000010039920140922152713.0 a978-979-756-983-9 0010-111300000000519 aYOPDYOG 2[22]a959.823 aQ 959.823 Sur D aQ 959.823 Sur D aSURYO SAKTI HADIWIJOYO aDaerah Istimewa Yogyakarta dalam sistem ketatanegaraan IndonesiabSebuah pendekatan Sejarah hukum dan teori kekuasaancSuryosakti Hadiwijoyo aCet.1 aYogyakartabGraha Ilmuc2013 axi, 230 hlm.bilus.c26 cm. (3 eks.) aYogyakarta, Daerah Istimewa aYOPDYOG a3105/B.2013 a3106/B.2013 a3107/B.2013 a3105/B.2013 a3106-PD/B.13 a3107-PD/B.13